000 00628nam a2200229Ia 4500
003 OSt
005 20221007072048.0
006 a|||||r|||| 00| 0
007 ta
008 221006b |||||||| |||| 00| 0 eng d
024 _a12,462
037 _cTextual
040 _aFLL
_cFLL
_beng
041 _2eng
_aeng
082 _aV2,31:3.N6, J8
100 _aMukherjea A.R. Au.
_9689999
245 0 _aParliamentary procedure in india
260 _aLondon
_bOxford university press London
_c1958
300 _a371p
_ccm.
942 _hV2,31:3.N6, J8
_cTEXL
_2CC
999 _c1145114
_d1145114